El narrador en la novela del siglo XIX /

Saved in:
Bibliographic Details
Main Author: Gullón, Germán
Format: Book
Language:Spanish
Published: Madrid : Taurus, c1976.
Series:Persiles ; 91
Subjects:
LEADER 00752nam a2200253 a 4500
001 c000331861
003 CARM
005 00000000000000.0
008 770303s1976 sp b 00010 spa
015 |a Sp*** 
019 1 |a 877791 
020 |a 8430620915 
043 |a e-sp--- 
050 0 0 |a PQ6144  |b .G84 
100 1 |a Gullón, Germán. 
245 1 3 |a El narrador en la novela del siglo XIX /  |c Germán Gullón. 
260 |a Madrid :  |b Taurus,  |c c1976. 
300 |a 186 p. ;  |c 21 cm. 
490 0 |a Persiles ;  |v 91 
504 |a Bibliography: p. 177-186. 
650 0 |a Spanish fiction  |y 19th century  |x History and criticism. 
650 0 |a Narration (Rhetoric) 
082 0 4 |a 863/.03 
999 f f |i c818b309-82dc-56c0-bb52-8f2b0a21faad  |s dce07554-c76a-5a6f-b3ad-ab96b1a33820